000 00713nam a2200229Ia 4500
003 OSt
005 20220927104444.0
006 a|||||r|||| 00| 0
007 ta
008 220926b |||||||| |||| 00| 0 eng d
024 _a151138
037 _cReference Collections
040 _aRTL
_cRTL
_beng
041 _2eng
_aeng
082 _a"X9(Y:87):89G.1(X).N7, L6/UN"
110 _aUnited Nations Industrial Development Organization
245 0 _aLow cost automation for the furniture and joinery industry
260 _c1976
700 _aUnited Nations Industrial Development Organization
942 _h"X9(Y:87):89G.1(X).N7, L6/UN"
_cCC
999 _c687577
_d687577